Welcome to CU Library Online Public Access Catalogue (OPAC)

Perpetuating the family business : (Record no. 6190)

MARC details
000 -LEADER
fixed length control field 01252cam a22002774a 4500
001 - CONTROL NUMBER
control field 13430718
005 - DATE AND TIME OF LATEST TRANSACTION
control field 20250603103417.0
008 - FIXED-LENGTH DATA ELEMENTS--GENERAL INFORMATION
fixed length control field 031210s2004 enk b 001 0 eng
020 ## - INTERNATIONAL STANDARD BOOK NUMBER
International Standard Book Number 1403933979 (cloth)
050 00 - LIBRARY OF CONGRESS CALL NUMBER
Classification number HD62.25
Item number .W373 2004
082 00 - DEWEY DECIMAL CLASSIFICATION NUMBER
Classification number 658/.045
Edition information 22
100 1# - MAIN ENTRY--PERSONAL NAME
Personal name Ward, John L.,
Dates associated with a name 1945-
245 10 - TITLE STATEMENT
Title Perpetuating the family business :
Remainder of title 50 lessons learned from long-lasting, successful families in business /
Statement of responsibility, etc. John L. Ward.
260 ## - PUBLICATION, DISTRIBUTION, ETC.
Place of publication, distribution, etc. Houndmills, Basingstoke, Hampshire ;
-- New York :
Name of publisher, distributor, etc. Palgrave Macmillan,
Date of publication, distribution, etc. 2004.
300 ## - PHYSICAL DESCRIPTION
Extent xi, 178 p. ;
Dimensions 24 cm.
650 #0 - SUBJECT ADDED ENTRY--TOPICAL TERM
Topical term or geographic name entry element Family corporations
General subdivision Management.
650 #0 - SUBJECT ADDED ENTRY--TOPICAL TERM
Topical term or geographic name entry element Family-owned business enterprises
General subdivision Management.
650 #0 - SUBJECT ADDED ENTRY--TOPICAL TERM
Topical term or geographic name entry element Success in business.
650 #0 - SUBJECT ADDED ENTRY--TOPICAL TERM
Topical term or geographic name entry element Family corporations
General subdivision Management
Form subdivision Case studies.
650 #0 - SUBJECT ADDED ENTRY--TOPICAL TERM
Topical term or geographic name entry element Family-owned business enterprises
General subdivision Management
Form subdivision Case studies.
650 #0 - SUBJECT ADDED ENTRY--TOPICAL TERM
Topical term or geographic name entry element Success in business
Form subdivision Case studies.
856 42 - ELECTRONIC LOCATION AND ACCESS
Materials specified Publisher description
Uniform Resource Identifier <a href="http://www.loc.gov/catdir/description/hol042/2003066149.html">http://www.loc.gov/catdir/description/hol042/2003066149.html</a>
856 42 - ELECTRONIC LOCATION AND ACCESS
Materials specified Contributor biographical information
Uniform Resource Identifier <a href="http://www.loc.gov/catdir/enhancements/fy0615/2003066149-b.html">http://www.loc.gov/catdir/enhancements/fy0615/2003066149-b.html</a>
856 41 - ELECTRONIC LOCATION AND ACCESS
Materials specified Table of contents only
Uniform Resource Identifier <a href="http://www.loc.gov/catdir/enhancements/fy0615/2003066149-t.html">http://www.loc.gov/catdir/enhancements/fy0615/2003066149-t.html</a>
942 ## - ADDED ENTRY ELEMENTS (KOHA)
Source of classification or shelving scheme Library of Congress Classification
Koha item type Books
Suppress in OPAC No
999 ## -
-- 6190
-- 6190
Holdings
Withdrawn status Lost status Source of classification or shelving scheme Damaged status Not for loan Collection Home library Current library Shelving location Date acquired Total checkouts Full call number Barcode Date last seen Copy number Price effective from Koha item type
    Library of Congress Classification     Non-fiction Graduate Library (Christ Temple) Graduate Library (Christ Temple) General stacks 06/03/2025   HD 62.25 WAR GSCT00001484 06/03/2025 1 06/03/2025 Books
    Library of Congress Classification     Non-fiction Graduate Library (Christ Temple) Graduate Library (Christ Temple) General stacks 06/03/2025   HD 62.25 WAR GSCT00001485 06/03/2025 2 06/03/2025 Books
    Library of Congress Classification     Non-fiction Graduate Library (Christ Temple) Graduate Library (Christ Temple) General stacks 06/03/2025   HD 62.25 WAR GSCT00001486 06/03/2025 3 06/03/2025 Books
    Library of Congress Classification     Non-fiction Graduate Library (Christ Temple) Graduate Library (Christ Temple) General stacks 06/03/2025   HD 62.25 WAR GSCT00001487 06/03/2025 4 06/03/2025 Books
    Library of Congress Classification     Non-fiction Graduate Library (Christ Temple) Graduate Library (Christ Temple) General stacks 06/03/2025   HD 62.25 WAR GSCT00001488 06/03/2025 5 06/03/2025 Books
© 2023-2024 Copyright: Central University Libraries. All Rights Reserved | Created by: Mahone Tech Office